LDR 00754naa#a2200205#i#450# 001 EN\\bibl\120268 005 20260417002608.5 011 ## _a1819-4036 100 ## _a20210331b2021####ek#y0engy0150####ca 102 ## _aRU 200 1# _aHISTOMORPHOLOGICAL CHANGES IN THE BASE OF THE HOOF SKIN IN CATTLE WITH THE DEVELOPMENT OF RUSTERGOLTZ ULCER _eJournal article 210 1# _aKrasnoyarsk _cKrasnoyarsk State Agrarian University _d2021 215 ## _a7 с. 608 ## _aJournal article _2local 675 ## _aСравнительная патология. Ветеринария. 619 _z 700 #1 _aGagarin _gEvgeniy Maksimovich 700 #1 _aGlazunova _gLarisa Aleksandrovna 700 #1 _aRamih _gPavel Mihaylovich 700 #1 _aCyganok _gVlad Olegovich 856 4# _avestnik.kgau.ru _u